000 00343nam a2200157Ia 4500
003 Ost
005 20260225132540.0
008 260225s9999||||xx |||||||||||||| ||und||
040 _cfsic
041 _afre
082 _a70.4
100 _aPaolo baldi
_eAuteur
245 0 _aLobby et information /
245 0 _cPaolo baldi
942 _cكتاب
999 _c33460
_d33460